01368nam a22001937a 4500008004100000020001800041050001900059100002700078245016200105250001200267260004400279300003200323500009100355505063500446650001301081700003001094700001801124700003201142170620s2014 mx a|||| |||| 00| 0 spa d a9786073222792 aQC23bW55 2014 aWilson Jerry D.eautor aFísica para las ciencias de la saludc/ Jerry D. Wilson: Anthony J. Buffa: Bo Lou: Douglas C. Giancoli; adaptadores Marco antonio Flores y Herson Álvarez a2a. ed. aMéxicob: Pearson educaciónc, 2014 axvi, 623 pág.b: il. + CD aIncluye Prefacio (pp. xi- xvi), Apéndices I al IV (pp. 589-597), Anexo (pp. 615-623) aI. Medición y resolución de problemas II. Cinemática: Descripción del movimiento III. Fuerza, movimiento y momento de fuerza IV. Trabajo y energía V. Sólidos y fluidos VI. Temperatura y teoría cinética VII. Calor VIII. Termodinámica IX. Vibraciones y ondas X. Sonido XI. Cargas, fuerzas y campos eléctricos XII. Potencial eléctrico, energía y capacitación XIII. Corriente eléctrica y resistencia XIV. Magnetismo XV. Reflexión y refracción de la luz XVI. Espejos y lentes XVII. La visión y los instrumentos ópticos XVIII. Física cuántica XIX. El núcleo  0aFÍSICA aBuffa, Anthony J. eautor aBo Loueautor aGiancoli, Douglas C.eautor